01784nmm a2200301 i 4500003000900000005001700009007000300026008004100029040003300070100004200103245028100145264005000426300005400476336002700530337002900557338003900586347003100625502020100656504003100857505022600888650005901114650003501173650004101208650001701249650003001266700004601296856014001342DO-SdISF20250403133520.0ta240215s2021 dr ||||fo||d| 00| 0 spa d aCGIP0038bspaerdacCGIP00381 aPérez Fabián, Yermy Manueleautor10aEl teorema fundamental del Álgebra como herramienta didáctica para fortalecer el conocimeinto y uso del lenguanje matemático en los docentes de secundaria de la regional 08, Santiago /csustentada: Yermy Manuel Pérez Fabián ; asesor: Jesús Ramón Guillén Ruíz 1aSantiago de los Caballeros :bISFODOSU,c2021 a1 recurso en línea (231 hojas) :bilustraciones 2rdacontentatextobtxt 2rdamediaacomputadorabc 2rdacarrierarecurso en líneabcr 2rdaaarchivo de textobPDF aTesis para optar por el título de Maestría en (Matemática orientada a la Educación Secundaria) - Instituto Superior de Formación Docente Salomé Ureña - ISFODOSU, Recinto EPH, 2021.  aBibliografía en hoja 155 aIntroducción al problema de investigación 1 - Revisión de la literatura 9 - Metodología 45 - Presentación de resultados 53 - Interpretación de los resultados 139 - Referencias bibliográficas 155 - Anexos 16017aEducación secundaria2armarczRepública Dominicana17aÁlgebraxEnseñanza2armarc14aJuegos de estrategia (Matemáticas)14aConocimiento14aEstrategias de desarrollo1 aGuillén Ruíz, Jesús Ramóneasesor uhttps://biblioteca.isfodosu.edu.do/cgi-bin/koha/opac-retrieve-file.pl?id=566d73519f3b31846bb58dfe79c37f8cyClic para ver Texto Completo